La cantidad / (Record no. 126533)

MARC details
000 -LEADER
campo de control de longitud fija 00616nam a2200181 4500
001 - NÚMERO DE CONTROL
campo de control 126533
003 - IDENTIFICADOR DE NÚMERO DE CONTROL
campo de control ES-MaACL
005 - FECHA Y HORA DE LA ÚLTIMA TRANSACCIÓN
campo de control 20230906192833.0
007 - CAMPO FIJO DE DESCRIPCIÓN FÍSICA--INFORMACIÓN GENERAL
campo de control de longitud fija t|
008 - DATOS DE LONGITUD FIJA--INFORMACIÓN GENERAL
campo de control de longitud fija 070214s1963 sp r ||||1| spa d
111 2# - ENTRADA PRINCIPAL--NOMBRE DE CONGRESO/REUNIÓN
Nombre de congreso/reunión o jurisdicción como elemento de entrada Reunión de Aproximación Filosófico-Científica (
Sede del congreso/Lugar de la reunión Zaragoza (
Fecha del congreso o de la firma del tratado 1961) (
Número del congreso/reunión o número de parte o sección . 1ª)
9 (RLIN) 219281
245 13 - MENCIÓN DEL TÍTULO
Título La cantidad /
Mención de responsabilidad, etc. organizada por la Institución Fernando el Católico.
260 ## - PUBLICACIÓN, DISTRIBUCIÓN, ETC.
Lugar de publicación, distribución, etc. Zaragoza :
Nombre del editor, distribuidor, etc. [s.n.],
Fecha de publicación, distribución, etc. 1963 (
Fabricante Gráf. La Editorial)
300 ## - DESCRIPCIÓN FÍSICA
Extensión 413 p. ;
Dimensiones 24 cm.
710 2# - ENTRADA AGREGADA--NOMBRE DE ENTIDAD CORPORATIVA
Nombre de entidad corporativa o nombre de jurisdicción como elemento de entrada Institución "Fernando el Católico"
9 (RLIN) 4721
852 ## - LOCALIZACIÓN
Ubicación ES-MaACL
Número de control de estantería C-24142
Sublocalización o colección R.53134
Holdings
Estatus retirado Estado de pérdida Estado de daño No para préstamo Biblioteca de origen Biblioteca actual Ubicación en estantería Fecha de adquisición Fuente de adquisición Total de préstamos Signatura topográfica completa Código de barras Visto por última vez Precio de reemplazo Tipo de ítem Koha
        Biblioteca del Ateneo de Madrid Biblioteca del Ateneo de Madrid Depósito 2 17/01/2008     C-24142 1131791 23/02/2023 23/02/2023 Libro impreso